Michael Tait - Statistics

General Stats
  • This quiz has been taken 21 times
  • The average score is 4 of 10
Answer Stats
Hint Answer % Correct
The first Christian band he joined DC Talk
82%
Instrument that he taught himself Guitar
82%
The first album Michael Tait released with 2 DC Talk
73%
His self created band Tait
64%
He is currently lead singer of Newsboys
55%
Tait's first album with 4 Born again
18%
Tait's first album with band 3 Empty
18%
University where he met the other members of DC Talk Liberty
18%
Album from the band Tait that he still plans to release Loveology
9%
Michael Tait's place of birth Washington D.C.
9%
No matching quizzes found
Score Distribution
Percent of People with Each Score
Percentile by Number Answered
Your Score History
You have not taken this quiz